[Event "IECG TE.2004.S.01604"]
[Site "IECG email"]
[Date "2005.11.27"]
[Round "?"]
[White "Sadowski, Marek"]
[Black "Guilloux, Jean Yves"]
[Result "1-0"]
[WhiteElo "1899"]
[BlackElo "2013"]
[PlyCount "51"]
[EventDate "2005.11.27"]
[EventType "tourn (corr)"]
[EventRounds "12"]
[SourceTitle "Corr 2008"]
[Source "ChessBase"]
[SourceDate "2008.06.24"]
[SourceVersion "1"]
[SourceVersionDate "2008.06.24"]
[SourceQuality "1"]

1. e4 c6 2. d4 d5 3. e5 Bf5 4. Nc3 a6 5. Nf3 e6 6. Be2 c5 7. Be3 cxd4 8. Nxd4 Bg6 9. 0-0 Ne7 10. Na4 Nbc6 11. c4 Nxe5 12. Nc5 Qc8 13. Qa4+ Nd7 14. Nxd7 Qxd7 15. Nb5 Nc6 16. cxd5 exd5 17. Bf4 Rc8 18. Rfe1 axb5 19. Bg4+ Kd8 20. Qxb5 f5 21. Rad1 Ne7 22. Qa5+ b6 23. Qxb6+ Ke8 24. Bf3 Rc6 25. Qa5 Kf7 26. Rxd5 1-0

[Event "IECG TE.2004.P.01602 email"]
[Site "IECG email"]
[Date "2004.09.22"]
[Round "?"]
[White "Guilloux, Jean Yves"]
[Black "Hnatovsky, Nicholas"]
[Result "0-1"]
[WhiteElo "2068"]
[BlackElo "2308"]
[PlyCount "94"]
[EventDate "2004.09.22"]
[EventType "tourn (corr)"]
[EventRounds "8"]
[SourceTitle "Corr 2008"]
[Source "ChessBase"]
[SourceDate "2008.06.24"]
[SourceVersion "1"]
[SourceVersionDate "2008.06.24"]
[SourceQuality "1"]

1. e4 c6 2. d4 d5 3. e5 Bf5 4. Nc3 e6 5. g4 Bg6 6. Nge2 c5 7. Be3 Nc6 8. dxc5 a6 9. Nd4 h5 10. Nxc6 bxc6 11. Na4 hxg4 12. Nb6 Ra7 13. c4 Ne7 14. cxd5 Nxd5 15. Bg2 Be7 16. Qd4 Bf5 17. Rd1 Qb8 18. a3 f6 19. Nc4 Rd7 20. Nd6+ Bxd6 21. exd6 Qb3 22. 0-0 Rb7 23. Be4 g3 24. hxg3 e5 25. Bxd5 cxd5 26. Qc3 Qxc3 27. bxc3 Kd7 28. f4 Be4 29. fxe5 Rh1+ 30. Kf2 Rb2+ 31. Rd2 Rxf1+ 32. Kxf1 Rb1+ 33. Kf2 fxe5 34. Ra2 Rb3 35. Bd2 Kc6 36. g4 Bd3 37. a4 Bc4 38. Rc2 Rb7 39. Be3 Bb3 40. Rb2 Bxa4 41. Rxb7 Kxb7 42. Ke2 Bd7 43. g5 a5 44. Kd2 g6 45. Kc2 a4 46. Bc1 Kc6 47. Ba3 e4 0-1

[Event "IECG TE.2004.P.01602 email"]
[Site "IECG email"]
[Date "2004.09.22"]
[Round "?"]
[White "Hnatovsky, Nicholas"]
[Black "Guilloux, Jean Yves"]
[Result "1-0"]
[WhiteElo "2308"]
[BlackElo "2068"]
[PlyCount "73"]
[EventDate "2004.09.22"]
[EventType "tourn (corr)"]
[EventRounds "8"]
[SourceTitle "Corr 2008"]
[Source "ChessBase"]
[SourceDate "2008.06.24"]
[SourceVersion "1"]
[SourceVersionDate "2008.06.24"]
[SourceQuality "1"]

1. e4 c6 2. d4 d5 3. e5 Bf5 4. Be3 e6 5. Nd2 Nd7 6. f4 c5 7. Ngf3 Qb6 8. Qc1 Ne7 9. dxc5 Nxc5 10. Nd4 a6 11. Be2 Rc8 12. a3 Qc7 13. 0-0 g5 14. fxg5 Qxe5 15. N2f3 Qd6 16. Bf4 Qb6 17. Be5 Rg8 18. Kh1 Nd3 19. Qe3 Nxe5 20. Nxe5 Bg7 21. Rae1 Be4 22. Rxf7 Qd6 23. Rxg7 Rxg7 24. Bh5+ Ng6 25. Qf4 Qe7 26. Bxg6+ Rxg6 27. Nxg6 hxg6 28. Qe5 Kd7 29. Rf1 Bxc2 30. Nxe6 Be4 31. h4 Rc2 32. Rf6 Rc6 33. Nf8+ Ke8 34. Qb8+ Qd8 35. Qxd8+ Kxd8 36. Rxc6 bxc6 37. Ne6+ 1-0

[Event "IECG WC.2008.P.00012 email"]
[Site "IECG email"]
[Date "2004.03.05"]
[Round "?"]
[White "Guilloux, Jean Yves"]
[Black "Krueger, Michael"]
[Result "0-1"]
[WhiteElo "2080"]
[BlackElo "1700"]
[PlyCount "76"]
[EventDate "2004.03.05"]
[EventType "tourn (corr)"]
[EventRounds "6"]
[SourceTitle "Corr 2008"]
[Source "ChessBase"]
[SourceDate "2008.06.24"]
[SourceVersion "1"]
[SourceVersionDate "2008.06.24"]
[SourceQuality "1"]

1. e4 e6 2. d4 d5 3. Nd2 c5 4. Ngf3 cxd4 5. Nxd4 Nf6 6. e5 Nfd7 7. N2f3 Nc6 8. Bf4 Qb6 9. Rb1 Bc5 10. c3 f6 11. exf6 Nxf6 12. Bd3 0-0 13. 0-0 Ng4 14. Bg3 e5 15. Nxc6 bxc6 16. Nxe5 Nxf2 17. Bxf2 Bxf2+ 18. Kh1 Bf5 19. Bc2 Rae8 20. Nxc6 Be4 21. Bxe4 dxe4 22. Nd4 Rf6 23. Ne2 Qa5 24. a3 e3 25. Qd3 Qe5 26. Qc4+ Kh8 27. h3 Rd6 28. Nd4 Qe4 29. Qe2 Rf8 30. Nf3 Rdf6 31. Ng1 h6 32. Rbc1 Qc6 33. Rcd1 Rg6 34. Nf3 Rg3 35. Rxf2 exf2 36. Qxf2 Rgxf3 37. gxf3 Rxf3 38. Qg2 Qe4 0-1

[Event "IECG WC.2008.P.00012 email"]
[Site "IECG email"]
[Date "2004.03.05"]
[Round "?"]
[White "Roberts, Anthony"]
[Black "Guilloux, Jean Yves"]
[Result "1/2-1/2"]
[WhiteElo "2160"]
[BlackElo "2080"]
[PlyCount "107"]
[EventDate "2004.03.05"]
[EventType "tourn (corr)"]
[EventRounds "6"]
[SourceTitle "Corr 2008"]
[Source "ChessBase"]
[SourceDate "2008.06.24"]
[SourceVersion "1"]
[SourceVersionDate "2008.06.24"]
[SourceQuality "1"]

1. e4 c5 2. Nf3 d6 3. d4 cxd4 4. Nxd4 Nf6 5. Nc3 a6 6. Be3 e5 7. Nb3 Be6 8. f3 Nbd7 9. Qd2 b5 10. a4 b4 11. Nd5 Bxd5 12. exd5 Nb6 13. Bxb6 Qxb6 14. a5 Qb7 15. Bc4 g6 16. Ra4 Rb8 17. Nc1 h5 18. Na2 Bh6 19. Qxb4 Qa7 20. Qc3 0-0 21. Nb4 Rxb4 22. Rxb4 Rc8 23. Qd3 e4 24. fxe4 Ng4 25. Qe2 Ne3 26. Bd3 Rc5 27. Ra4 Qc7 28. c3 Rxa5 29. Rxa5 Qxa5 30. Kf2 h4 31. g3 Qb6 32. Kf3 Qd8 33. Qf2 Qg5 34. h3 f5 35. Rg1 Qh5+ 36. g4 Qg5 37. gxf5 Qh5+ 38. Rg4 Nxg4 39. hxg4 Qg5 40. Be2 Qf4+ 41. Kg2 h3+ 42. Kg1 Qxe4 43. Qf3 gxf5 44. Qxe4 fxe4 45. Bxa6 Bc1 46. b4 Bd2 47. Bf1 Bxc3 48. b5 Kf7 49. Kh2 Bd4 50. Kxh3 Kg6 51. Bg2 e3 52. Bf1 Kg5 53. Kg3 Bc5 54. Kf3 1/2-1/2

[Event "IECG WC.2008.P.00012 email"]
[Site "IECG email"]
[Date "2004.03.05"]
[Round "?"]
[White "Wong, Victor"]
[Black "Guilloux, Jean Yves"]
[Result "1/2-1/2"]
[WhiteElo "1984"]
[BlackElo "2080"]
[PlyCount "84"]
[EventDate "2004.03.05"]
[EventType "tourn (corr)"]
[EventRounds "6"]
[SourceTitle "Corr 2008"]
[Source "ChessBase"]
[SourceDate "2008.06.24"]
[SourceVersion "1"]
[SourceVersionDate "2008.06.24"]
[SourceQuality "1"]

1. e4 e5 2. Nf3 Nc6 3. d4 exd4 4. Nxd4 Nf6 5. Nxc6 bxc6 6. e5 Qe7 7. Qe2 Nd5 8. c4 Ba6 9. g3 g6 10. b3 Bg7 11. Bb2 0-0 12. Bg2 Rae8 13. 0-0 Bxe5 14. Qxe5 Qxe5 15. Bxe5 Rxe5 16. cxd5 Bxf1 17. Kxf1 cxd5 18. Nc3 c6 19. Rd1 Rfe8 20. Bf3 Kf8 21. Ne2 Ke7 22. Rd4 Kd6 23. Ra4 Ra8 24. Ke1 Kc5 25. Kd2 Kb6 26. b4 a5 27. h4 h5 28. Nd4 Ra7 29. Nb3 axb4 30. Rxb4+ Kc7 31. a4 Rf5 32. Ke2 d6 33. Nd4 Re5+ 34. Kd2 Ra6 35. Be2 Ra8 36. f4 Ree8 37. f5 c5 38. Nb5+ Kd7 39. Rf4 d4 40. fxg6 fxg6 41. Nxd4 cxd4 42. Bb5+ Kc7 1/2-1/2

[Event "IECG CP.2002.Q.00017 email"]
[Site "IECG email"]
[Date "2003.10.01"]
[Round "?"]
[White "Guilloux, Jean Yves"]
[Black "Tortosa, Horacio"]
[Result "1-0"]
[WhiteElo "2046"]
[BlackElo "1673"]
[PlyCount "91"]
[EventDate "2003.10.01"]
[EventType "tourn (corr)"]
[EventRounds "10"]
[SourceTitle "Corr 2008"]
[Source "ChessBase"]
[SourceDate "2008.06.24"]
[SourceVersion "1"]
[SourceVersionDate "2008.06.24"]
[SourceQuality "1"]

1. e4 c5 2. Nf3 e6 3. d4 cxd4 4. Nxd4 a6 5. Bd3 Qc7 6. 0-0 Nf6 7. Qe2 d6 8. c4 g6 9. Nc3 Bg7 10. Nf3 Nc6 11. Rd1 0-0 12. h3 b6 13. Be3 Nd7 14. Rac1 Nc5 15. Bb1 Bb7 16. Qd2 Rfd8 17. Bg5 Rd7 18. Qe3 Rc8 19. a3 Na5 20. Nd2 f6 21. Bh6 Ncb3 22. Nxb3 Nxb3 23. Rc2 Bxh6 24. Qxh6 Na1 25. Re2 Nb3 26. Ba2 Na5 27. c5 Re8 28. b4 Nc6 29. b5 axb5 30. Nxb5 Qb8 31. Rxd6 Rxd6 32. Nxd6 bxc5 33. Nxe8 Qxe8 34. e5 fxe5 35. Qg5 Qd7 36. Qf6 Bc8 37. Kh2 Qd6 38. f4 Qd7 39. fxe5 Nd8 40. Rf2 Nf7 41. a4 Qc7 42. Bxe6 Bxe6 43. Qxe6 Qxe5+ 44. Qxe5 Nxe5 45. a5 Nc6 46. a6 1-0

[Event "IECG QB.2003.0.00036 email"]
[Site "IECG email"]
[Date "2003.05.07"]
[Round "?"]
[White "Hargreaves, John Richard"]
[Black "Guilloux, Jean Yves"]
[Result "0-1"]
[WhiteElo "1890"]
[BlackElo "1920"]
[PlyCount "60"]
[EventDate "2003.05.17"]
[EventType "tourn (corr)"]
[EventRounds "6"]
[SourceTitle "Corr 2008"]
[Source "ChessBase"]
[SourceDate "2008.06.24"]
[SourceVersion "1"]
[SourceVersionDate "2008.06.24"]
[SourceQuality "1"]

1. g3 d5 2. d4 c6 3. Bg2 Bf5 4. Nc3 Nf6 5. e3 Nbd7 6. Bd2 e5 7. Nge2 Bd6 8. 0-0 0-0 9. f4 exd4 10. exd4 Qb6 11. b3 Rfe8 12. Na4 Qa6 13. Nac3 Re7 14. h3 h5 15. a4 Rae8 16. Re1 b6 17. Kh2 Qc8 18. Rb1 a5 19. Rc1 h4 20. g4 Nxg4+ 21. hxg4 Bxg4 22. Bf1 Nf6 23. Rb1 Bf3 24. Bh3 Ng4+ 25. Kg1 Qf5 26. Bc1 Bb4 27. Bd2 Bxc3 28. Nxc3 Bxd1 29. Rxe7 Rxe7 30. Rxd1 Qg6 0-1

[Event "IECG QB.2003.0.00030 email"]
[Site "IECG email"]
[Date "2003.01.04"]
[Round "?"]
[White "Guilloux, Jean Yves"]
[Black "Neacsu, Catalin"]
[Result "0-1"]
[WhiteElo "1920"]
[BlackElo "1817"]
[PlyCount "106"]
[EventDate "2003.01.04"]
[EventType "tourn (corr)"]
[EventRounds "6"]
[SourceTitle "Corr 2008"]
[Source "ChessBase"]
[SourceDate "2008.06.24"]
[SourceVersion "1"]
[SourceVersionDate "2008.06.24"]
[SourceQuality "1"]

1. e4 c5 2. Nf3 d6 3. d4 cxd4 4. Nxd4 Nf6 5. Nc3 a6 6. Bc4 e6 7. Bb3 Nbd7 8. Bg5 Nc5 9. f4 Be7 10. Qf3 Qc7 11. f5 0-0 12. 0-0-0 b5 13. Kb1 b4 14. Na4 Nxb3 15. axb3 e5 16. Ne2 Bb7 17. Bxf6 Bxf6 18. Qe3 Rab8 19. h4 Qc6 20. Ng3 Ba8 21. Rde1 Rfd8 22. Nh5 d5 23. g4 Be7 24. g5 Rbc8 25. Rh2 d4 26. Qf3 Bf8 27. f6 g6 28. Ng3 Rc7 29. h5 Qe6 30. Rc1 Bb7 31. hxg6 fxg6 32. Nf1 a5 33. Nd2 Ba6 34. Qg3 Bb5 35. Nf3 d3 36. c4 Bxa4 37. bxa4 b3 38. Qh3 Qe8 39. Nd2 Qxa4 40. Qe6+ Rf7 41. Nxb3 Rd6 42. Nc5 Qb4 43. Qxe5 d2 44. Rd1 Qxc4 45. Rdxd2 Rxd2 46. Rxd2 Qxc5 47. Qxc5 Bxc5 48. e5 Be3 49. Rg2 Rc7 50. e6 Rc1+ 51. Ka2 Rc5 52. e7 Kf7 53. Rh2 h5 0-1

[Event "IECG QB.2003.0.00030 email"]
[Site "IECG email"]
[Date "2003.01.04"]
[Round "?"]
[White "Neacsu, Catalin"]
[Black "Guilloux, Jean Yves"]
[Result "1/2-1/2"]
[WhiteElo "1817"]
[BlackElo "1920"]
[PlyCount "79"]
[EventDate "2003.01.04"]
[EventType "tourn (corr)"]
[EventRounds "6"]
[SourceTitle "Corr 2008"]
[Source "ChessBase"]
[SourceDate "2008.06.24"]
[SourceVersion "1"]
[SourceVersionDate "2008.06.24"]
[SourceQuality "1"]

1. e4 c6 2. d4 d5 3. Nc3 dxe4 4. Nxe4 Bf5 5. Ng3 Bg6 6. h4 h6 7. Nf3 e6 8. Ne5 Bh7 9. Bd3 Bxd3 10. Qxd3 Nd7 11. f4 Bb4+ 12. Bd2 Bxd2+ 13. Qxd2 Ngf6 14. 0-0-0 Qc7 15. Ne2 Rf8 16. g4 0-0-0 17. g5 Nd5 18. Nc3 Qa5 19. Nxd5 Qxd5 20. b3 hxg5 21. hxg5 Nxe5 22. fxe5 f6 23. gxf6 gxf6 24. Rh7 fxe5 25. Qb4 Qb5 26. Qe7 Kb8 27. Rf7 Rh8 28. Qc7+ Ka8 29. Qxe5 Qd5 30. Re7 Rhe8 31. Rxe8 Rxe8 32. Re1 Qxe5 33. Rxe5 Kb8 34. Kd2 Kc7 35. c4 Kd6 36. c5+ Ke7 37. Rh5 Kf6 38. Rh7 Re7 39. Rxe7 Kxe7 40. Ke3 1/2-1/2

[Event "IECG QB.2003.0.00030 email"]
[Site "IECG email"]
[Date "2003.01.04"]
[Round "?"]
[White "Sherwood, Russell"]
[Black "Guilloux, Jean Yves"]
[Result "0-1"]
[WhiteElo "1805"]
[BlackElo "1920"]
[PlyCount "140"]
[EventDate "2003.01.04"]
[EventType "tourn (corr)"]
[EventRounds "6"]
[SourceTitle "Corr 2008"]
[Source "ChessBase"]
[SourceDate "2008.06.24"]
[SourceVersion "1"]
[SourceVersionDate "2008.06.24"]
[SourceQuality "1"]

1. d4 d5 2. c4 c6 3. Nc3 Nf6 4. e3 e6 5. Nf3 Nbd7 6. Bd3 dxc4 7. Bxc4 b5 8. Bd3 Bb7 9. e4 b4 10. Na4 c5 11. e5 Nd5 12. dxc5 Nxc5 13. Nxc5 Bxc5 14. 0-0 h6 15. Bb5+ Ke7 16. Bd2 Qb6 17. Qe2 Rhd8 18. Rac1 Kf8 19. Bd3 Ne7 20. Bf4 Rac8 21. Rfd1 Rd7 22. Rc2 b3 23. axb3 Qxb3 24. Be3 Bxe3 25. Rxc8+ Nxc8 26. fxe3 Rd5 27. Nd4 Qb6 28. Nf3 Ne7 29. Kh1 Rd8 30. Nd4 Nc6 31. Nf3 Nb4 32. Bc4 Rxd1+ 33. Qxd1 Kg8 34. Qd4 Bxf3 35. gxf3 Qxd4 36. exd4 Nc6 37. Kg2 Nxd4 38. Kf2 Kf8 39. Ke3 Nc6 40. Ke4 Ke7 41. Bb5 Nb4 42. Kd4 Nc2+ 43. Kc3 Ne3 44. Kd4 Nf5+ 45. Ke4 g5 46. Be2 h5 47. b4 f6 48. f4 g4 49. Bd1 Nh4 50. exf6+ Kxf6 51. Be2 Nf5 52. Bd1 Ne7 53. Bb3 Nc6 54. b5 Ne7 55. Bc2 Nf5 56. Ba4 Nd6+ 57. Ke3 Nc4+ 58. Kf2 Kf5 59. Bb3 Nd6 60. Kg3 Nxb5 61. Bc2+ Kf6 62. Kh4 a5 63. Kxh5 Nc3 64. Kxg4 a4 65. h4 a3 66. Bb3 a2 67. Bxa2 Nxa2 68. h5 Nc3 69. Kf3 Nd5 70. Ke4 Ne7 0-1

[Event "IECG CP.2002.P.00057 email"]
[Site "IECG email"]
[Date "2002.10.01"]
[Round "?"]
[White "Ramini, Edgardo Atilio"]
[Black "Guilloux, Jean Yves"]
[Result "0-1"]
[WhiteElo "1490"]
[BlackElo "1920"]
[PlyCount "52"]
[EventDate "2002.10.01"]
[EventType "tourn (corr)"]
[EventRounds "6"]
[EventCountry "FRA"]
[SourceTitle "Corr 2008"]
[Source "ChessBase"]
[SourceDate "2008.06.24"]
[SourceVersion "1"]
[SourceVersionDate "2008.06.24"]
[SourceQuality "1"]

1. e4 c5 2. c3 Nf6 3. e5 Nd5 4. d4 cxd4 5. cxd4 d6 6. Nf3 Nc6 7. Nc3 dxe5 8. Nxe5 Nxc3 9. Nxc6 Nxd1 10. Nxd8 Kxd8 11. Kxd1 Be6 12. Be2 Bd5 13. Rg1 e6 14. b3 Rc8 15. Re1 Bxg2 16. Bb2 Bd5 17. Rc1 Bd6 18. h4 Ke7 19. Bc4 Bf3+ 20. Be2 Bxe2+ 21. Kxe2 Rxc1 22. Rxc1 Kd7 23. d5 exd5 24. Bxg7 Re8+ 25. Kd3 Re4 26. Bd4 h5 0-1